MDQL
is popping MORE tags! Check the
thread
!
Quizzes
Events
Quiz Creation
Community
Videos
Private Events
Remove Ads
Sign In
Join for FREE
Feedback
Dark Mode
Quiz Categories
Sports
Geography
Music
Movies
Television
Just For Fun
Miscellaneous
History
Literature
Language
Science
Gaming
Entertainment
Religion
Holiday
For Kids
Quiz Lab
Recent
Popular Today
Quiz Kudos Today
Editor Picks
Curator Picks
Quizzes by...
Day
Popularity
Type
Ratings
Length
Year
Community
Subscriptions
Recent Discussions
Orange Saloon
Badges
Playlists
Quests
Create
Leaderboards
Showdown
Live 5
Trivia Bingo
Activity
Puzzle Library
Sporcle Events
Private Events
Virtual Trivia
Globe League
Become a Host
Pub Owners
SporcleCon
Opinionation
Our Games
Videos
Blog
Mobile Apps
Partnerships
Remove Ads and Go Orange
Feedback
Television
TV Characters
TV Show
Sitcom
Network
Friends
Reality Shows
Cast
South Park
Star Trek
The Simpsons
Doctor Who
Television
TV Characters
TV Show
Sitcom
Network
Friends
Reality Shows
Cast
South Park
Star Trek
The Simpsons
Doctor Who
Random Quiz
Search Sporcle
×
Quiz Lab
Quiz Lab
Television
kurt
Type in answers that appear in a list
Type in answers that appear in a list
Classic
Best Score? Go Orange.
Glee: Figure Out the Kurt Lyrics 2 Stats
Can you name the Glee: Figure Out the Kurt Lyrics 2?
By
agleefuljourney
10m
147 Questions
303 Plays
303 Plays
303 Plays
Comments
Comments
Give Quiz Kudos
Give Quiz Kudos
-
- Ratings
hide this ad
Replay
Link that replays current quiz
Next Quiz
Link to next quiz in quiz playlist
You Got
0%
They Got
Avg Score
49%
Avg Friend Score
Upgrade to see
Score Distribution
Jump to the score distribution portion of the page
Score
0/147
Timer
10:00
0
Plays Today
% Correct
and
84.8%
the
84.8%
and
84.8%
and
84.8%
a
84.8%
and
84.8%
the
84.8%
and
84.8%
a
84.8%
a
84.8%
a
84.8%
and
84.8%
you
79.5%
you
79.5%
you
79.5%
me?
70.6%
me
70.6%
me
70.6%
me
70.6%
me
70.6%
me!
70.6%
me!
70.6%
do
68.3%
it
68%
it?
68%
it
68%
it
68%
it
68%
it
68%
It
68%
it
68%
it
68%
be
62%
my
60.1%
my
60.1%
I
58.7%
I
58.7%
I
58.7%
I
58.7%
I
58.7%
is
58.4%
for
57.1%
for
57.1%
for
57.1%
for
57.1%
for
57.1%
For
57.1%
what
56.8%
love
56.8%
% Correct
what
56.8%
What
56.8%
what
56.8%
in
56.4%
Why
55.4%
your
53.8%
if
53.1%
When
53.1%
that
52.8%
get
52.1%
get
52.1%
get
52.1%
get
52.1%
get
52.1%
did
51.8%
did
51.8%
I'm
51.2%
of
50.8%
where
50.8%
Don't
50.8%
All
50.5%
All
50.5%
you're
47.9%
turn?
45.9%
This
45.2%
This
45.2%
with
44.9%
with
44.9%
would
44.6%
then
43.9%
Kurt!
42.6%
Kurt!
42.6%
time
42.2%
time
42.2%
does
41.9%
does
41.9%
does
41.9%
work
41.6%
had
41.3%
up
40.9%
up
40.9%
up
40.9%
They
40.3%
wasn't
40.3%
wasn't
39.9%
Rachel
39.9%
as
39.6%
Berry?
39.3%
coming
38.9%
% Correct
coming
38.9%
coming
38.9%
dream
38.3%
dream
38.3%
Dad
38%
Dad
38%
Miss
38%
One
37.3%
everything's
37.3%
Everything's
37.3%
Everything's
37.3%
background.
36.3%
tell
36.3%
out
35.6%
myself?
35.6%
now
35.6%
Hummel!
35.6%
Well
35.3%
Scrapbooks
34.7%
dreamed
34.7%
life
34%
someone
33.7%
look
33.3%
take
32.7%
Give
32.3%
ya?
32.3%
ya?
32.3%
ya?
32.3%
lot
32%
Thanks
31.7%
Oh
31.4%
'em
31%
'em
31%
garbage
30.4%
zero
30.4%
bat
30.4%
taking
28.7%
Starting
28.4%
each
28.1%
leaves
28.1%
bows
27.7%
battin'
27.7%
bows
27.7%
thousand
27.1%
quick
25.7%
Yeah!
25.4%
boys
25.4%
filled
24.4%
For me!(5x)
0.7%
Quiz Playlist
Details
Report
Send in Message
Add To Playlist
Classic:
Type in answers that appear in a list
Last Updated: Feb 16, 2017
Quiz Scoreboard
CHALLENGE
Sign Up to Join the Scoreboard
Show All
Scores
Hide
Comments
May contain spoilers
Recently Published
1-10 Letter E Words III
by El_Dandy
Language
2m
Street Fighter Characters
by Artimus82
Gaming
60s
College Basketball Coaching Resumes
by pancakes188
Sports
9m
More to Explore
Quiz From the Vault
Featured Blog Post
Where Did the Easter Bunny Come From?
hide this ad
You Might Also Like...
Tags
Glee
kurt
Today's Top Quizzes in Television
Browse Television
hide this ad
Today's Top Quizzes in kurt
Browse kurt
Top Contributed Quizzes in Television
1
Survivor Journey Challenge
2
Adjectives in 80s TV Shows
3
Adjectives in 00s TV Shows
4
5-to-1: The Simpsons Families
5
Adjectives in 10s TV Shows
6
5-to-1: Television Doctors
7
7-to-1: TV Show Settings
8
Adjectives in 70s TV Shows
9
5-to-1: Streaming Originals
10
Survivor Seasons
Explore More
Trending Topics
NBA
Anime
Crossword
Kpop
Harry Potter
Marvel
Disney
Puzzle
Pokémon
Country
Soccer
Song
NFL
The Office
WWE
hide this ad
More By:
agleefuljourney
Quiz
Plays
Rating
Category
Featured
Created
Glee, Murder Mystery (Expert Gleek Level)
2,519
3.60
Television
Apr 17, 2014
Figure Out the Glee Lyrics 2
614
5.00
Television
Dec 7, 2013
Guess the Glee Names by the Hints
547
4.00
Television
Dec 4, 2013
Glee: Figure Out the Kurt Lyrics 3
476
4.00
Television
Dec 4, 2013
Figure Out the Glee Lyrics 1
401
5.00
Television
Dec 3, 2013
Go to Creator's Profile
Score Distribution
Quiz Creator Spotlight
agleefuljourney
Follow
Send a Message
Quizzes Created
-
Created Quiz Play Count
-
More By This Creator
Popular Quizzes Today
1
Find the US States - No Outlines Minefield
2
Find the Countries of Europe - No Outlines Minefield
3
Find the US States
4
The Countries of the World
5
Risky Map Clicking: Biggest States A-Z
6
US States
7
Popular People in 1961
8
Movies - When Are They Set?
More Television Quizzes
Image Match: TV Medical Doctors
Quiz Lab
Trending Quizzes
Risky Map Clicking: Least Populous States A-Z
1-10 Letter G Words
1-10 Letter F Words
Countries of the World: 200 Million BC
Risky Map Clicking: Next State Alphabetically
Recently Updated
Rides in Walt Disney World
pecheneg
Most Oscar Losses (Acting)
pecheneg
Beyoncé Albums
pecheneg
Leaping Animals
pecheneg
Reality TV Shows (A-Z)
bhenderson79
Rickey Henderson's Hall of Fame Teammates
pecheneg
Champions League XIs: Arsenal
pecheneg
Quick Pick: Celebrities in WWE's Hall of Fame
aduchscher
A-Z Keypad Blitz II
pecheneg
Trending Topics
NBA
Kpop
Crossword
Disney
Marvel
Anime
Harry Potter
Puzzle
Song
Pokémon
Soccer
NFL
Country
WWE
The Office
Your Account Isn't Verified!
In order to create a playlist on Sporcle, you need to verify the email address you used during registration. Go to your
Sporcle Settings
to finish the process.
Report this User
Report this user for behavior that violates our
Community Guidelines
.
Details:
Send Report
Go to the Sporcle.com Mobile Site →
Comments